Das schweizerische landesmuseum 1898-1948 (Record no. 7936)

MARC details
000 -CABECERA
campo de control de longitud fija 01034nam a2200301 a 4500
001 - NÚMERO DE CONTROL
campo de control BRCA_8268
005 - FECHA Y HORA DE LA ÚLTIMA TRANSACCIÓN
campo de control 20190320210214.0
008 - DATOS DE LONGITUD FIJA--INFORMACIÓN GENERAL
campo de control de longitud fija 060614s1948----sz-a###f##---#001-0#ger-#
041 ## - CÓDIGO DE LENGUA
Código de lengua del texto/banda sonora o título independiente ger
044 ## - CÓDIGO DEL PAÍS DE LA ENTIDAD EDITORA/PRODUCTORA
Código MARC del país sz
050 #4 - SIGNATURA TOPOGRÁFICA DE LA BIBLIOTECA DEL CONGRESO
Número de clasificación N3650
Número de documento/Ítem .S3 1948
245 10 - MENCIÓN DE TÍTULO
Título Das schweizerische landesmuseum 1898-1948
Resto del título kunst, handwerk und geschichte.
Mención de responsabilidad, etc. redaktion Dietrich W. H. Schwarz ; photographien A. Senn.
260 ## - PUBLICACIÓN, DISTRIBUCIÓN, ETC.
Lugar de publicación, distribución, etc. Zúrich
Nombre del editor, distribuidor, etc. Atlantis
Fecha de publicación, distribución, etc. 1948
300 ## - DESCRIPCIÓN FÍSICA
Extensión 78 p.
Otras características físicas il., 186 láminas
Dimensiones 31 cm.
440 #0 - MENCIÓN DE SERIE/PUNTO DE ACCESO ADICIONAL--TÍTULO
Título Domine Serva nos in pace
9 (RLIN) 20288
500 ## - NOTA GENERAL
Nota general Feria del libro para conmemorar el 50 aniversario de la apertura
500 ## - NOTA GENERAL
Nota general Incluye índice de ilustraciones
500 ## - NOTA GENERAL
Nota general Ejemplar igual a X15
500 ## - NOTA GENERAL
Nota general S30
610 24 - PUNTO DE ACCESO ADICIONAL DE MATERIA--NOMBRE DE ENTIDAD CORPORATIVA
Nombre de entidad corporativa o nombre de jurisdicción como elemento de entrada Museo Nacional de Suiza
Subdivisión de forma Ferias de libro
9 (RLIN) 20289
650 14 - PUNTO DE ACCESO ADICIONAL DE MATERIA--TÉRMINO DE MATERIA
Término de materia o nombre geográfico como elemento de entrada Arte
Subdivisión de forma Exposiciones
Subdivisión geográfica Suiza
9 (RLIN) 20290
650 14 - PUNTO DE ACCESO ADICIONAL DE MATERIA--TÉRMINO DE MATERIA
Término de materia o nombre geográfico como elemento de entrada Arte
Subdivisión de forma Historia
Subdivisión geográfica Suiza
9 (RLIN) 20291
651 #4 - PUNTO DE ACCESO ADICIONAL DE MATERIA--NOMBRE GEOGRÁFICO
Nombre geográfico Suiza
Subdivisión de forma Arte
Subdivisión cronológica 1898-1948
9 (RLIN) 20292
700 1# - PUNTO DE ACCESO ADICIONAL--NOMBRE DE PERSONA
Nombre de persona Schwarz, Dietrich W. H.
9 (RLIN) 20293
700 1# - PUNTO DE ACCESO ADICIONAL--NOMBRE DE PERSONA
Nombre de persona Senn, A.
Término indicativo de función/relación fot.
9 (RLIN) 20647
902 ## - CATALOGADOR
Iniciales GFM
942 ## - ELEMENTOS DE PUNTO DE ACCESO ADICIONAL (KOHA)
Fuente del sistema de clasificación o colocación Library of Congress Classification
Tipo de ítem Koha Libros
Holdings
Estado de retiro Estado de pérdida Estado dañado No para préstamo Localización permanente Ubicación/localización actual Fecha de adquisición Número de inventario Total de préstamos Signatura topográfica completa Código de barras Fecha visto por última vez Precio válido a partir de Tipo de ítem Koha
El ejemplar forma parte de la colección y puede ser consultado según las políticas vigentes.       Biblioteca del Museo Franz Mayer (Rogerio Casas-Alatriste) Biblioteca del Museo Franz Mayer (Rogerio Casas-Alatriste) 06/06/2014 S30   N3650 .S3 1948 (S30) 8892 22/03/2019 22/03/2019 Libros